000 00282nam a2200109Ia 4500
001 1261079
005 20260417140345.0
008 260417s9999 xx 000 0 und d
020 _a9786051853925
245 0 _aOperada Mücella Suzan
_cBilgehan Uçak
260 _bEverest Yayınları
999 _c1261079
_d1261079